000 00507nam a2200181Ia 4500
003 GCL
008 140319s9999 xx 000 0 ara d
040 _aGCL /
_cGCL
082 0 4 _a813.3
_bم ن
100 1 _aمصطفى لطفى المنفلوطى
245 1 0 _aالنظرات /
_cمصطفى لطفى المنفلوطى
300 _a351 ص
490 _a100 قصة
_v0
650 0 4 _aالادب العربى
650 0 4 _aالعصر الحديث
650 0 4 _aالنثر العربى
942 _2ddc
_cBK
999 _c43507
_d43507